000 01092nam a2200229Ia 4500
001 10240
003 GE_BSU
008 181216s||||||||xx |||||||||||||| ||und||
040 _cGE_BSU
080 _a821.353.1-11
100 _aტაბიძე, გალაკტიონ
245 _aთხზულებანი თორმეტ ტომად
245 _bტ.11:პოემა:მშვიდობის წიგნი
245 _cტომი გამოსაცემად მოამზადა ვარიანტ.და შენიშვნ.დაურთო მარინე ჭყონიამ ;სარედ.კოლეგია:გურამ გვერდწითელი,ალექსანდრე გომიაშვილი და სხვ.
260 _aთბილისი.
260 _bსაბჭ.საქართველო
260 _c1973.
300 _a510გვ;20სმ.
653 _aთხზულებანი თორმეტ ტომად
653 _aტ.11:პოემა:
942 _cBK
999 _c43509
_d43509